| 000 | 00552cam a2200145 4500500 | ||
|---|---|---|---|
| 005 | 20260208002338.0 | ||
| 041 | _afre | ||
| 042 | _adc | ||
| 100 | 1 | 0 |
_aBertrand, Frédéric _eauthor |
| 245 | 0 | 0 | _aCahiers du monde russe, octobre-décembre 2002, 43 (4): Intellectuels et intelligentsia, Paris, Éditions de l’EHESS, 2002, pp. 569-844 |
| 260 | _c2005. | ||
| 500 | _a61 | ||
| 786 | 0 | _nL'Homme | 173 | 1 | 2005-01-01 | p. 199za-283za | 0439-4216 | |
| 856 | 4 | 1 | _uhttps://shs.cairn.info/revue-l-homme-2005-1-page-199za?lang=fr&redirect-ssocas=7080 |
| 999 |
_c1645941 _d1645941 |
||